El sindicalismo en Latinoamérica (Record no. 179260)

MARC details
000 -LEADER
campo de control de longitud fija 00837nam a22002531 4500
001 - NÚMERO DE CONTROL
campo de control 179260
003 - IDENTIFICADOR DE NÚMERO DE CONTROL
campo de control ES-MaACL
005 - FECHA Y HORA DE LA ÚLTIMA TRANSACCIÓN
campo de control 20230906220726.0
008 - DATOS DE LONGITUD FIJA--INFORMACIÓN GENERAL
campo de control de longitud fija 111018s1965 sp |||| | spa d
080 ## - NÚMERO DE LA CLASIFICACIÓN DECIMAL UNIVERSAL
Número de la Clasificación Decimal Universal 331.88(85)
080 ## - NÚMERO DE LA CLASIFICACIÓN DECIMAL UNIVERSAL
Número de la Clasificación Decimal Universal 331.88(81)
100 1# - ENTRADA PRINCIPAL--NOMBRE DE PERSONA
Nombre de persona Bourricaud, François.
9 (RLIN) 148321
245 13 - MENCIÓN DEL TÍTULO
Título El sindicalismo en Latinoamérica
Resto del título : (Los casos de Perú y Brasil) /
Mención de responsabilidad, etc. François Bourricaud y Azis Simao ; traducción, José Mas Godayol.
260 ## - PUBLICACIÓN, DISTRIBUCIÓN, ETC.
Lugar de publicación, distribución, etc. Barcelona :
Nombre del editor, distribuidor, etc. Nova Terra,
Fecha de publicación, distribución, etc. [1965]
300 ## - DESCRIPCIÓN FÍSICA
Extensión 59 p., 1 h. ;
Dimensiones 20 cm.
490 1# - MENCIÓN DE SERIE
Mención de serie Tiempo de hacer ;
Designación de volumen o secuencia 7
650 #4 - PUNTO DE ACCESO ADICIONAL DE MATERIA--TÉRMINO DE MATERIA
Término de materia o nombre geográfico como elemento de entrada Sindicatos-
Subdivisión geográfica Perú.
9 (RLIN) 148322
650 #4 - PUNTO DE ACCESO ADICIONAL DE MATERIA--TÉRMINO DE MATERIA
Término de materia o nombre geográfico como elemento de entrada Sindicatos-
Subdivisión geográfica Brasil.
9 (RLIN) 148323
700 1# - ENTRADA AGREGADA--NOMBRE PERSONAL
Nombre de persona Simao, Azis.
9 (RLIN) 148324
700 0# - ENTRADA AGREGADA--NOMBRE PERSONAL
Nombre de persona Mas Godayol, José.
9 (RLIN) 78634
830 0# - PUNTO DE ACCESO ADICIONAL DE SERIE-TÍTULO UNIFORME
Título uniforme Tiempo de hacer ;
Designación de volumen o secuencia 7
9 (RLIN) 182079
852 ## - LOCALIZACIÓN
Ubicación ES-MaACL
Número de control de estantería L-9428
Holdings
Estatus retirado Estado de pérdida Estado de daño No para préstamo Biblioteca de origen Biblioteca actual Ubicación en estantería Fecha de adquisición Fuente de adquisición Total de préstamos Signatura topográfica completa Código de barras Visto por última vez Precio de reemplazo Tipo de ítem Koha
        Biblioteca del Ateneo de Madrid Biblioteca del Ateneo de Madrid Depósito 2 18/10/2011     L-9428 1188311 23/02/2023 23/02/2023 Libro impreso